Eurovision 2017 Final Results - Statistics

General Stats
  • This quiz has been taken 18 times
  • The average score is 33 of 42
Answer Stats
Placement Song Artist(s) Country % Correct
#2 (615 Points) Beautiful Mess Kristian Kostov Bulgaria
100%
#6 (334 Points) Occidentali's Karma Francesco Gabbani Italy
100%
#7 (282 Points) Yodel It! Ilinca ft. Alex Florea Romania
100%
#5 (344 Points) I Can't Go On Robin Bengtsson Sweden
100%
#4 (363 Points) City Lights Blanche Belgium
94%
#3 (374 Points) Hey Mamma! Sunstroke Project Moldova
94%
#1 (758 Points) Amar pelos dois Salvador Sobral Portugal
94%
#9 (173 Points) Don't Come Easy Isaiah Australia
88%
#12 (135 Points) Requiem Alma France
88%
#26 (5 Points) Do It For Your Lover Manel Navarro Spain
88%
#16 (93 Points) Running On Air Nathan Trent Austria
82%
#14 (120 Points) Skeletons Dihaj Azerbaijan
82%
#13 (128 Points) My Friend Jacques Houdek Croatia
82%
#20 (77 Points) Where I Am Anja Nissen Denmark
82%
#25 (6 Points) Perfect Life Levina Germany
82%
#23 (39 Points) I Feel Alive IMRI Israel
82%
#11 (150 Points) Lights and Shadows O'G3NE The Netherlands
82%
#15 (111 Points) Never Give Up On You Lucie Jones United Kingdom
82%
#19 (77 Points) This Is Love Demy Greece
76%
#8 (200 Points) Origo Joci Pápai Hungary
76%
#31 [#13 Semi-Final 2] (86 Points) Dying To Try Brendan Murray Ireland
76%
#22 (64 Points) Flashlight Kasia Moś Poland
76%
#24 (36 Points) Time O.Torvald Ukraine
76%
#18 (79 Points) Fly With Me Artsvik Armenia
71%
#17 (83 Points) Story Of My Life / Historyja majho žyccia Naviband Belarus
71%
#21 (68 Points) Gravity Hovig Cyprus
71%
#32 [#14 Semi-Final 2] (85 Points) Verona Koit Toome & Laura Estonia
71%
#30 [#12 Semi-Final 2] (92 Points) Blackbird Norma John Finland
71%
#27 [#11 Semi-Final 1] (99 Points) Keep The Faith Tamara Gachechiladze Georgia
71%
#37 [#16 Semi-Final 1] (56 Points) Space Slavko Kalezić Montenegro
71%
#10 (158 Points) Grab The Moment JOWST Norway
71%
#42 [#18 Semi-Final 2] (1 Point) Spirit of the Night Valentina Monetta & Jimmie Wilson San Marino
71%
#40 [#17 Semi-Final 1] (36 Points) On My Way Omar Naber Slovenia
71%
#34 [#14 Semi-Final 1] (76 Points) World Lindita Albania
65%
#33 [#13 Semi-Final 1] (83 Points) My Turn Martina Bárta Czech Republic
65%
#36 [#15 Semi-Final 1] (60 Points) Paper Svala Iceland
65%
#41 [#18 Semi-Final 1] (21 Points) Line Triana Park Latvia
65%
#39 [#17 Semi-Final 2] (42 Points) Rain of Revolution Fusedmarc Lithuania
65%
#38 [#16 Semi-Final 2] (55 Points) Breathlessly Claudia Faniello Malta
65%
#28 [#11 Semi-Final 2] (98 Points) In Too Deep Tijana Bogićević Serbia
65%
#29 [#12 Semi-Final 1] (97 Points) Apollo Timebelle Switzerland
65%
#35 [#15 Semi-Final 2] (69 Points) Dance Alone Jana Burčeska FYR Macedonia
59%
No matching quizzes found
Score Distribution
Percent of People with Each Score
Percentile by Number Answered
Your Score History
You have not taken this quiz